Statistics for Countries that consume the most pizza anually

Click here to take the quiz!

General Stats

  • This quiz has been taken 40 times
  • The average score is 8 of 10

Answer Stats

HintAnswer% Correct
5.Italy
100%
2.USA
100%
7.France
95%
3.UK
90%
10.China
87%
4.Germany
87%
8.Australia
79%
6.Russia
77%
9.Japan
72%
1.Norway
33%

Score Distribution

Percentile by Number Answered

Percent of People with Each Score

Your Score History

You have not taken this quiz